El rey pequeño y gordito / (Registro nro. 9649)

Detalles MARC
000 -LIDER
fixed length control field 01056nam a2200361 4500
001 - NÚMERO DE CONTROL
Identificador de número de control 00079651
003 - IDENTIFICACDOR DE NÚMERO DE CONTROL
control field DO-SdBM
005 - DATE AND TIME OF LATEST TRANSACTION
control field 20250407130820.0
007 - CAMPOS FIJOS DE DESCRIPCIÓN FÍSICA
fixed length control field 00079651
008 - ELEMENTOS DE LONGITUD FIJA
fixed length control field 900809s1996 sp spa
015 ## - NÚMERO DENTRO DE LA BIBLIOGRAFÍA NACIONAL
National bibliography number
016 7# - NO. DE CONTROL DE LA AGENCIA BIB. NACIONAL
Record control number
Canceled/invalid record control number
Source BPMSU
017 ## - NÚMERO DE REGISTRO DE DERECHOS DE AUTOR
Copyright or legal deposit number
020 ## - ISBN
International Standard Book Number 8422659077
040 ## - FUENTE DE CATALOGACIÓN
Agencia que crea de manera original el registro
Idioma de catalogación spa
Agencia que realiza la transcripción BPMSU
Convenciones de la despripción
041 1# - CÓDIGOS DE OBRAS TRADUCIDAS O EN VARIOS IDIOMAS
Código del idioma del texto/archivo de sonido o separata spa
Cód. del idioma original y/o traducciones intermedias del texto
080 #0 - NÚMERO DE CLASIFICACIÓN DECIMAL UNIVERSAL
Universal Decimal Classification number
082 #4 - NÚMERO DE CLASIFICACIÓN DECIMAL DE DEWEY
Classification number 833.91
Item number S625r 1996
Edition number 22
100 1# - ASIENTO PRINCIPAL -- NOMBRE PERSONAL
Nombre personal Sixt, Carola
245 13 - MENCIÓN DE TITULO
Título El rey pequeño y gordito /
Mención de responsabilidad Carola Sixt ; traducción Lola Romero; ilustración Klaus Renner
Medio (Designación general de material)
250 ## - MENCIÓN DE EDICION
Mención de edición
260 ## - PUBLICACIÓN, DISTRIBUCIÓN, ETC. (PIE DE IMPRENTA)
Lugar de publicación, distribución, etc Madrid :
Nombre del editor, distribuidor, etc. Círculo de Lectores,
Fecha de publicación, distribución, etc 1996
300 ## - DESCRIPCIÓN FÍSICA
Extensión 114 p. :
Otros detalles físicos il., ;
Dimensiones 22 cm
490 0# - MENCIÓN DE SERIES
Mención de serie El barco de vapor
534 ## - NOTA SOBRE LA VERSIÓN ORIGINAL
Frase introductoria Título original :
Mención del título original Geschichten vom Kleinen dicken kõnig.
590 ## - NOTA LOCAL
Texto de la nota local Inventariado, 2025/VM
650 #4 - ENCABEZAMIENTO DE MATERIA--TEMÁTICO
Término temático o nombre geográfico como elemento de entrada Novela juvenil alemana.
650 #4 - ENCABEZAMIENTO DE MATERIA--TEMÁTICO
Término temático o nombre geográfico como elemento de entrada Teoría política
Subdivisión de forma Novela juvenil
Lugar del evento
700 1# - ASIENTO SECUNDARIO -- NOMBRE PERSONAL
Nombre personal Romero, Lola
Mención de responsabilidad traductor
Títulos u otras palabras asociadas con el nombre
700 1# - ASIENTO SECUNDARIO -- NOMBRE PERSONAL
Nombre personal Renner, Klaus
Mención de responsabilidad ilustración
910 ## - VALIDACIÓN
Validación VMateo V. Control de calidad. BPMSU
942 ## - ADDED ENTRY ELEMENTS (KOHA)
Source of classification or shelving scheme Dewey Decimal Classification
Koha item type Libros
Existencias
Withdrawn status Lost status Source of classification or shelving scheme Damaged status Not for loan Collection code Home library Current library Date acquired Source of acquisition Total Checkouts Full call number Barcode Date last seen Price effective from Koha item type
    Dewey Decimal Classification     Colección Infantil General Biblioteca Pública Metropolitana Salomé Ureña Biblioteca Pública Metropolitana Salomé Ureña 04/08/2016 FUNDI   BPMSU CGI 833.91 S625r 1996 BPMSU16040235 04/08/2016 04/08/2016 Libros